Festival de teatro de La Habana 1982.
Guardat en:
| Format: | Desconegut |
|---|---|
| Idioma: | Spanish |
| Publicat: |
La Habana, Cuba :
Dirección de Teatro y Danza, Ministerio de Cultura,
1982.
|
| Matèries: | |
| Etiquetes: |
Afegir etiqueta
Sense etiquetes, Sigues el primer a etiquetar aquest registre!
|
MARC
| LEADER | 000000000a22000000004500 | ||
|---|---|---|---|
| 001 | 002811 | ||
| 041 | 0 | |a spa | |
| 082 | 0 | 4 | |a 790.097.291 |b M637m |
| 245 | 0 | 0 | |a Festival de teatro de La Habana 1982. |
| 260 | 1 | |a La Habana, Cuba : |b Dirección de Teatro y Danza, Ministerio de Cultura, |c 1982. | |
| 300 | |a 38 páginas | ||
| 650 | 4 | |a FESTIVALES DE ARTES ESCENICAS | |
| 650 | 4 | |a TEATRO | |
| 650 | 4 | |a CUBA | |
| 999 | |c 9165 |d 9165 | ||
| 942 | |c BK |h 790.097.291 M637m |2 z | ||
